000 00641nam a2200229Ia 4500
003 OSt
005 20220923230509.0
006 a|||||r|||| 00| 0
007 ta
008 Pun
024 _a282,538
037 _cTextual
040 _aARTS
_cARTS
_bPun
041 _2Pun
_aPun
082 _aO153,3NAHIx, L4
100 _aਆਹੂਜਾ, ਜਗਜੀਤ ਸਿੰਘ
_9156274
245 0 _aਪਹਿਲੀ ਰਾਤ ਦੀ ਤਲਾF
260 _c1974
650 _aਪੰਜਾਬੀ ਸਾਹਿਤ
942 _hO153,3NAHIx, L4
_cTEXL
_2CC
999 _c385251
_d385251